Real Madrid 24/25 Starting Lineup - Statistics

General Stats
  • This quiz has been taken 76 times
  • The average score is 7 of 11
Answer Stats
Hint Answer % Correct
LW Vinicius Jr
89%
ST Mbappé
88%
RW Rodrygo
79%
GK Courtois
75%
CAM Bellingham
70%
CB Rüdiger
70%
LB Mendy
68%
CM Valverde
64%
CM Modrić
52%
CB Asencio
45%
RB Vázquez
30%
No matching quizzes found
Score Distribution
Percent of People with Each Score
Percentile by Number Answered
Your Score History
You have not taken this quiz